|
|
|
|
| LEADER |
00000naa2a2200000 4500 |
| 001 |
95943 |
| 005 |
20231031110326.0 |
| 035 |
|
|
|a (RuTPU)RU\TPU\book\102709
|
| 090 |
|
|
|a 95943
|
| 100 |
|
|
|a 20060505d1989 k y0rusy50 ca
|
| 101 |
0 |
|
|a rus
|
| 102 |
|
|
|a RU
|
| 200 |
1 |
|
|a Исследование двухроторного воздушного классификатора
|f А. А. Колесников
|
| 320 |
|
|
|a Библиогр.: 3 назв.
|
| 463 |
|
0 |
|0 (RuTPU)RU\TPU\book\102191
|t Теплофизика и гидродинамика технологических процессов
|o межвузовский научно-технический сборник
|f Томский политехнический институт; под ред. М. И. Шиляева
|v С. 131-141.
|d 1989
|p 164 с.
|
| 610 |
1 |
|
|a воздушные классификаторы
|
| 610 |
1 |
|
|a двухроторные классификаторы
|
| 610 |
1 |
|
|a исследование
|
| 610 |
1 |
|
|a описание конструкции
|
| 610 |
1 |
|
|a воздушно-порошковые смеси
|
| 610 |
1 |
|
|a разделение
|
| 610 |
1 |
|
|a труды учёных ТПУ
|
| 675 |
|
|
|a 621.928
|v 3
|
| 700 |
|
1 |
|a Колесников
|b А. А.
|g Александр Александрович
|
| 801 |
|
1 |
|a RU
|b 63413507
|c 20060505
|g PSBO
|
| 801 |
|
2 |
|a RU
|b 63413507
|c 20090430
|g PSBO
|
| 942 |
|
|
|c BK
|